000 00209 a2200097 4500
001 29750
100 _aPearson
245 _aHandbook of applied mathematics
260 _a
_bNostrand
_c
090 _c19767
_d19767
942 _aNUST-CAE
_cM
_c10854
999 _c264823
_d264823